Vista normal Vista MARC
  • Ramírez Alfaro, Luis

Entrada Personal Name

Número de registros utilizados en: 1

001 - CONTROL NUMBER

  • control field: 11308

003 - CONTROL NUMBER IDENTIFIER

  • control field: OSt

005 - DATE AND TIME OF LATEST TRANSACTION

  • control field: 20160609113342.0

008 - FIXED-LENGTH DATA ELEMENTS

  • fixed length control field: 160609|| aca||aabn | a|a d

040 ## - CATALOGING SOURCE

  • Original cataloging agency: OSt
  • Transcribing agency: OSt

100 ## - HEADING--PERSONAL NAME

  • Personal name: Ramírez Alfaro, Luis

670 ## - SOURCE DATA FOUND

  • Source citation: Work cat.: (OSt): Ramírez Alfaro, Luis, La informalidad y semiformalidad empresarial en Costa Rica: un acercamiento desde la mirada de personas expertas, 2010